States of the Regional West of the USA - Statistics

General Stats
  • This quiz has been taken 13 times
  • The average score is 12 of 13
Answers on the Map
Answers color-coded by a green-red scale on the quiz's map according to % correct below.
 
Answer Stats
Answer % Correct
Alaska
100%
California
100%
Oregon
100%
Arizona
92%
Hawaii
92%
Idaho
92%
Montana
92%
Nevada
92%
New Mexico
92%
Washington
92%
Wyoming
92%
Colorado
85%
Utah
85%
No matching quizzes found
Score Distribution
Percent of People with Each Score
Percentile by Number Answered
Your Score History
You have not taken this quiz